<?xml version="1.0" encoding="utf-8"?>
<?xml-stylesheet type='text/xsl' href='./oai2.xsl'?>
<OAI-PMH xmlns="http://www.openarchives.org/OAI/2.0/" xmlns:xsi="http://www.w3.org/2001/XMLSchema-instance" xsi:schemaLocation="http://www.openarchives.org/OAI/2.0/ http://www.openarchives.org/OAI/2.0/OAI-PMH.xsd">
  <responseDate>2026-06-05T18:50:02Z</responseDate>
  <request verb="GetRecord" metadataPrefix="marcxml" identifier="record_kuniweb_414407">https://kulturerbe.niedersachsen.de/oai</request>
  <GetRecord>
    <record>
      <header>
        <identifier>record_kuniweb_414407</identifier>
        <datestamp>2026-03-31T19:09:18Z</datestamp>
        <setSpec>slg0184</setSpec>
      </header>
      <metadata>
        <marc:record xmlns:marc="http://www.loc.gov/MARC21/slim" xsi:schemaLocation="http://www.loc.gov/MARC21/slim http://www.loc.gov/standards/marcxml/schema/MARC21slim.xsd">
          <marc:leader>12345nkm  22     uu 4500</marc:leader>
          <marc:controlfield tag="001">414407</marc:controlfield>
          <marc:controlfield tag="003">http://kuniweb.gbv.de</marc:controlfield>
          <marc:controlfield tag="005">2018-01-26T13:00:26</marc:controlfield>
          <marc:controlfield tag="008">|           ||||||||||||||||||||||</marc:controlfield>
          <marc:datafield tag="245" ind1="1" ind2="0">
            <marc:subfield code="a">Wettbewerb für ein Denkmal in Bordeaux - Lageplan</marc:subfield>
          </marc:datafield>
          <marc:datafield tag="720" ind1=" " ind2=" ">
            <marc:subfield code="a">Peter Joseph Krahe</marc:subfield>
          </marc:datafield>
          <marc:datafield tag="655" ind1=" " ind2="7">
            <marc:subfield code="a">Grafik</marc:subfield>
          </marc:datafield>
          <marc:datafield tag="046" ind1=" " ind2=" ">
            <marc:subfield code="k">1797</marc:subfield>
            <marc:subfield code="k">1797/1798</marc:subfield>
            <marc:subfield code="l">1798</marc:subfield>
          </marc:datafield>
          <marc:datafield tag="260" ind1=" " ind2=" ">
            <marc:subfield code="g">1797</marc:subfield>
            <marc:subfield code="g">1798</marc:subfield>
            <marc:subfield code="g">1797/1798</marc:subfield>
          </marc:datafield>
          <marc:datafield tag="300" ind1=" " ind2=" ">
            <marc:subfield code="a">Breite: 96,4 cm
Höhe: 69,2 cm</marc:subfield>
          </marc:datafield>
          <marc:datafield tag="520" ind1=" " ind2=" ">
            <marc:subfield code="a">Bei der Zeichnung handelt es sich vermutlich um einen Entwurf für ein Denkmal der Republikanischen Armee und des Friedens auf dem Platz des Château Trompette in Bordeaux (heute Place des Quinconces).
Die Umrisse des Forts sind punktiert eingetragen, die städtische Bebauung wie oben dunkel angelegt. An der Stelle des Forts ist ein runder Platz vorgesehen, der so weit an das sich vorwölbende Ufer der Garonne gerückt ist, daß er zu zwei Dritteln umbaut und zu einem Drittel zum Fluß geöffnet sein würde. Sieben sternförmig ausstrahlende Straßen unterteilen die anschließende Blockbebauung. (Dorn, Bd. 2, S. 202, Kat. Nr. 422; Städtisches Museum Braunschweig)

Aufschrift:
ohne (Signatur)

Beschrieben in:
R. Dorn, „Bauten und Projekte Peter Joseph Krahes in Düsseldorf, Koblenz, Hannover und Braunschweig 1787 - 1806 : Untersuchungen des zeichnerischen Nachlasses und beschreibender Katalog. Peter Joseph Krahe / Leben und Werk ; Bd. 2“. Klinkhardt &amp; Biermann, Braunschweig, 1971. (S. 202, Kat. Nr. 422)</marc:subfield>
          </marc:datafield>
          <marc:datafield tag="650" ind1="1" ind2=" ">
            <marc:subfield code="a">Graphik</marc:subfield>
          </marc:datafield>
          <marc:datafield tag="650" ind1="1" ind2=" ">
            <marc:subfield code="a">Bildwerke/Bildende Kunst</marc:subfield>
          </marc:datafield>
          <marc:datafield tag="650" ind1="1" ind2=" ">
            <marc:subfield code="a">Architektur</marc:subfield>
          </marc:datafield>
          <marc:datafield tag="650" ind1="1" ind2=" ">
            <marc:subfield code="a">Bordeaux (Aquitaine, Département de la Gironde)</marc:subfield>
          </marc:datafield>
          <marc:datafield tag="773" ind1="0" ind2=" ">
            <marc:subfield code="t">Sammlung Grafik</marc:subfield>
          </marc:datafield>
          <marc:datafield tag="852" ind1=" " ind2=" ">
            <marc:subfield code="a">Städtisches Museum Braunschweig</marc:subfield>
          </marc:datafield>
          <marc:datafield tag="" ind1=" " ind2=" ">
            <marc:subfield code="a">Namensnennung - Nicht kommerziell - Keine Bearbeitungen 4.0 International (CC BY-NC-ND 4.0)</marc:subfield>
          </marc:datafield>
        </marc:record>
      </metadata>
    </record>
  </GetRecord>
</OAI-PMH>
